=LDR 00000nam 2200000 4500 =001 INLIS000000000009345 =005 20130612101140 =008 ***********************************Ind** =035 ##$$0010-061300000009345 =041 ##$$a Ind =082 ##$$a 302.23 =090 ##$$a 302.23, Oli-g =100 ##$$a Olivera, Manuel =245 ##$$a Group Manuel, Manuel Olivera =260 ##$$a 1989 $b Yogyakarta =300 ##$$a 50 hlm, Ilus, 19 cm =650 ##$$a Media Masa =850 ##$$a NBPNMAT